Les controverses des Politiques Français - Schiappa #1 - Statistiques

Statistiques générales
  • Ce quiz a été pris 18 fois
  • Le résultat moyen est 3 sur 10
Statistiques - réponses
Hint Réponse % Correct
Marlène Schiappa est accusée de ne pas avoir géré efficacement la crise des [réponse], en particulier en ne répondant pas aux demandes des manifestants et en niant la gravité de la situation, notamment sur les dépenses des citoyens pour aller travailler. Gilets Jaunes
87%
Marlène Schiappa est critiquée pour sa position ambiguë sur la [réponse], certains l'accusant de soutenir la pénalisation des clients tout en plaidant pour une approche plus tolérante. prostitution
67%
Marlène Schiappa est critiquée pour sa gestion de la crise [réponse], en particulier pour ne pas avoir pris suffisamment de mesures pour protéger la population. Covid-19
60%
Marlène Schiappa est critiquée pour avoir déclaré que [réponse] devrait être considérée comme une option pour les couples infertiles, ce qui suscite des réactions négatives de certains groupes religieux et conservateurs. GPA
60%
Marlène Schiappa est accusée d'avoir utilisé des ressources publiques pour promouvoir ses créations... [type de création attendu ici, un mot, 6 lettres] livres
40%
Marlène Schiappa défend la mise en place de [réponse] dans les écoles, ce qui suscite des réactions négatives de certains parents et groupes conservateurs. cours d'éducation sexuelle
7%
Marlène Schiappa est critiquée pour avoir nommé son mari à un poste dans son cabinet ministériel. Népotisme
7%
Marlène Schiappa s'attire les critiques en demandant la suspension d'une cagnotte en soutien à un boxeur ayant commis des violences sur des gendarmes lors d'une manifestation. l'affaire Christophe Dettinger
0%
Marlène Schiappa est accusée d'avoir minimisé la gravité des [réponse] en déclarant que les femmes devraient être plus prudentes lorsqu'elles sortent seules le soir. violences conjugales
0%
Marlène Schiappa suscite la controverse en dénonçant un taux élevé d'épisiotomies pendant les accouchements en France. violences obstétricales
0%
Aucun quiz correspondant
Distribution des résultats
% des personnes avec chaque résultat
Percentile par nombre de réponses
Votre historique - résultats
Vous n’avez pas pris ce quiz